banner-ar

حياتى MY LIFE / (Record no. 46326)

MARC details
000 -الفاتح
حقل البيانات ثابتة الطول 00957nam a2200253Ia 4500
005 - وقت وتاريخ اخر تعامل مع التسجيلة
رقم الضبط 20240530104313.0
008 - عناصر البيانات ثابتة الطول - معلومات عامة
حقل البيانات ثابتة الطول 140319s2004 xx 000 0 ara d
020 ## - الرقم الدولى المعيارى للكتب
الرقم الدولى المعيارى للكتاب 9953670242
040 ## - مصدر الفهرسة
وكالة الفهرسة الأصلية GCL /
وكالة النسخ GCL
082 04 - رقم تصنيف ديوى العشرى
رقم التصنيف 923.1 /
رقم المادة م ح
100 1# - المدخل الرئيسى - إسم شخصى
الإسم الشخصى كلينتون, بل
245 10 - بيان العنوان
العنوان حياتى MY LIFE /
بيان المسئوليه,etc تاليف كلينتون, بل ؛ مترجم محمد توفيق البجيرمى ، وليد شحادة ؛ مراجع وليد شحادة
250 ## - بيان الطبعة
بيان الطبعة الاولى
260 ## - PUBLICATION, DISTRIBUTION, ETC. (IMPRINT)
تاريخ النشر أو التوزيع 2004
300 ## - الوصف المادى
التعداد 1103 ؛
أبعاد الوعاء 24 سم
650 04 - المدخل الاضافى بالموضوع-مصطلح موضوعى
مصطلح موضوعي التراجم الذاتية
650 04 - المدخل الاضافى بالموضوع-مصطلح موضوعى
مصطلح موضوعي رؤساء الجمهورية
650 04 - المدخل الاضافى بالموضوع-مصطلح موضوعى
مصطلح موضوعي بل كلينتون
700 ## - المدخل الاضافى - اسم شخصى
الإسم الشخصى محمد توفيق البجيرمى
الدور مترجم
700 ## - المدخل الاضافى - اسم شخصى
الإسم الشخصى وليد شحادة
الدور مترجم
700 ## - المدخل الاضافى - اسم شخصى
الإسم الشخصى مجير ماجد الغمرى
الدور مراجع
942 ## - عناصر المدخل الإضافي( كوها)
مصدر التصنيف او مخطط الترفيف Dewey Decimal Classification
Koha [default] item type كتاب
260 ## - PUBLICATION, DISTRIBUTION, ETC. (IMPRINT)
-- بيروت :
-- الحوار الثقافى ،
Holdings
حالة التراجع حالة الفقد حالة تلف ليس للاعارة المكان المؤقت الموقع الحالى تاريخ الاكتساب اجمالي اﻻعارات رقم الطلب الباركود تاريخ اخر مشاهدة تاريخ تفعيل السعر نوع وعاء كوها
        مكتبة القاهرة الكبرى مكتبة القاهرة الكبرى 03/26/2014   923.1\ك ح 112779 03/26/2014 03/26/2014 كتاب
        مكتبة القاهرة الكبرى مكتبة القاهرة الكبرى 03/26/2014   923.1\ك ح 112780 03/26/2014 03/26/2014 كتاب

Powered By

EGPV